00281nam a2200121Ia 45000030006000000080041000060400015000471000015000622450044000772600009001215460012001300050017001420STCL150530s9999 xx 000 0 und d aSTCLcSTCL aClayton, J aProtestant reformation in great britain c1934 aEnglish20220125165410.0